| 000 | 02688nam0a2200457 i 4500 | ||
|---|---|---|---|
| 001 | RU\NLR\BIBL_A\012517713 | ||
| 005 | 20260409072206.0 | ||
| 010 |
_a9785387015502 _91500 |
||
| 035 | _a(NLR Aleph) 012517713 | ||
| 090 |
_a12309483 _c12309483 |
||
| 100 | _a20210514d2019 u y0rusy50 ca | ||
| 101 | 1 |
_arus _ceng |
|
| 102 | _aRU | ||
| 105 | _aach z 000zy | ||
| 181 | 0 |
_ai _baxxe |
|
| 182 | 0 | _an | |
| 200 | 1 |
_aРусские сокровища Британской короны _eпо материалам выставки "Россия: королевская семья и Романовы" в Букингемском дворце _fКаролина де Гито, Стивен Паттерсон _gперевод с английского: Ирина Новоселецкая, Виктор Финогенов |
|
| 203 |
_aТекст _bвизуальный _cнепосредственный |
||
| 210 |
_aМосква _cСлово/Slovo _d2019 |
||
| 215 |
_a525, [1] с. _cцв. ил., портр., факс. _d27 |
||
| 300 | _aНа обл. и суперобл. авт. не указаны | ||
| 320 | _aБиблиогр.: с. 516-524 и в примеч.: с. 504-515 | ||
| 320 | _aДр. кн. авторов на 3-й с. суперобл. | ||
| 602 |
_aРомановы _cдинастия _f1613 - 1917 _jДокументы и материалы _3RU\NLR\AUTH\66963051 _91521176 |
||
| 606 | 1 |
_aИзобразительное искусство русское _xСвязи _xИзобразительное искусство _yВеликобритания _92289881 _3RU\NLR\AUTH\6601599010 |
|
| 606 | 1 |
_aИзобразительное искусство _xСвязи _xИзобразительное искусство русское _yВеликобритания _92289882 _3RU\NLR\AUTH\6601599011 |
|
| 607 |
_aРоссия _jДокументы и материалы _xВзаимоотношения _yВеликобритания _92326085 _3RU\NLR\AUTH\661391305 |
||
| 607 |
_aВеликобритания _jДокументы и материалы _xВзаимоотношения _yРоссия _92326086 _3RU\NLR\AUTH\661391306 |
||
| 686 | 1 | _aТ214(2)0-1,011 | |
| 686 | 1 | _aТ3(2)0-64(4Вл),011 | |
| 686 | 1 | _aТ3(4Вл)0-64(2),011 | |
| 686 | 1 | _aЩ103(2Р=Рус)-183 | |
| 686 | 1 | _aЩ103(4Вл)-183 | |
| 700 | 1 |
_aГито _bК. де. _gКаролина де |
|
| 701 | 1 |
_aПаттерсон _bС. _gСтивен |
|
| 711 | 1 | 2 |
_a"Россия: королевская семья и Романовы" , выставка _eЛондон _f2018 _9749485 _3RU\NLR\AUTH\880542586 |
| 942 | _cBOOK | ||
| 980 | _aNBR | ||